[Event "NRW Class2 1314"]
[Site "Germany"]
[Date "2013.12.08"]
[Round "4.5"]
[White "Kuhnen, Thomas"]
[Black "Gruermann, Martin"]
[Result "1-0"]
[WhiteElo "2054"]
[BlackElo "2110"]
[PlyCount "101"]
[EventDate "2013.09.15"]
[EventType "team-tourn"]
[EventRounds "9"]
[EventCountry "GER"]
[SourceTitle "EXT 2015"]
[Source "ChessBase"]
[SourceDate "2014.11.20"]
[SourceVersion "1"]
[SourceVersionDate "2014.11.20"]
[SourceQuality "1"]
[WhiteTeam "Plettenberg"]
[BlackTeam "Letmathe"]
[WhiteTeamCountry "GER"]
[BlackTeamCountry "GER"]

1. e4 Nf6 2. e5 Nd5 3. Nf3 d6 4. d4 Bg4 5. exd6 exd6 6. Be2 Be7 7. 0-0 0-0 8. c4 Nb6 9. Qd3 Nc6 10. Be3 Qd7 11. a3 Bf6 12. Nbd2 d5 13. c5 Nc8 14. b4 a6 15. Nb3 N8e7 16. Rad1 Rfe8 17. h3 Bf5 18. Qd2 h6 19. Nh2 Bg6 20. Ng4 Qe6 21. Bf3 Rad8 22. Bf4 Rc8 23. Rfe1 Qf5 24. Bxh6 Qc2 25. Nxf6+ gxf6 26. Na5 Qxd2 27. Rxd2 Nf5 28. Rxe8+ Rxe8 29. Nxc6 Re1+ 30. Kh2 Nxh6 31. Nd8 Be4 32. Bxe4 Rxe4 33. Nxb7 Nf5 34. Na5 Rxd4 35. Nb3 Rxd2 36. Nxd2 Kf8 37. Nb3 Ke8 38. g4 Nh4 39. Kg3 Ng6 40. f4 Nf8 41. h4 Kd7 42. h5 Ne6 43. h6 Nf8 44. Nd4 c6 45. g5 Nh7 46. Kg4 Kc7 47. Kf5 fxg5 48. fxg5 Nf8 49. Kf6 Nh7+ 50. Kxf7 Nxg5+ 51. Kg6 1-0

[Event "NRW Class1 0708"]
[Site "Germany"]
[Date "2008.04.27"]
[Round "9.7"]
[White "Kuhnen, Thomas"]
[Black "Schormann, Conrad"]
[Result "0-1"]
[WhiteElo "2189"]
[BlackElo "2117"]
[PlyCount "82"]
[EventDate "2007.09.16"]
[EventType "team"]
[EventRounds "9"]
[EventCountry "GER"]
[SourceTitle "EXT 2009"]
[Source "ChessBase"]
[SourceDate "2008.11.26"]
[SourceVersion "1"]
[SourceVersionDate "2008.11.26"]
[SourceQuality "1"]
[WhiteTeam "Plettenberg"]
[BlackTeam "Brackweda"]
[WhiteTeamCountry "GER"]
[BlackTeamCountry "GER"]

1. e4 c6 2. d4 d5 3. e5 Bf5 4. Nc3 h5 5. Bd3 Bxd3 6. cxd3 e6 7. Nf3 Nh6 8. 0-0 Nf5 9. Na4 Nd7 10. Bd2 Be7 11. b4 g5 12. Bc3 g4 13. Ne1 Qc7 14. Rb1 f6 15. Nc2 0-0-0 16. Qe2 fxe5 17. dxe5 Nb6 18. Nc5 Bxc5 19. bxc5 Na4 20. Bb4 a5 21. Be1 Nxc5 22. Bd2 Rhg8 23. Rfc1 h4 24. Kh1 Rdf8 25. Ne1 Nd7 26. f4 gxf3 27. Nxf3 h3 28. g3 Rxg3 29. Rg1 Rxg1+ 30. Rxg1 Qb6 31. Ng5 c5 32. Qg4 Nxe5 33. Qxh3 d4 34. Bxa5 Qc6+ 35. Ne4 Ne3 36. Qh6 Re8 37. Qh7 Nxd3 38. Be1 Nxe1 39. Rxe1 c4 40. Rb1 c3 41. Kg1 c2 0-1

[Event "NRW Class1 0708"]
[Site "Germany"]
[Date "2008.03.02"]
[Round "7.4"]
[White "Haves, Reinhard"]
[Black "Kuhnen, Thomas"]
[Result "1/2-1/2"]
[WhiteElo "2199"]
[BlackElo "2189"]
[PlyCount "86"]
[EventDate "2007.09.16"]
[EventType "team"]
[EventRounds "9"]
[EventCountry "GER"]
[SourceTitle "EXT 2009"]
[Source "ChessBase"]
[SourceDate "2008.11.26"]
[SourceVersion "1"]
[SourceVersionDate "2008.11.26"]
[SourceQuality "1"]
[WhiteTeam "Neuenkirchen"]
[BlackTeam "Plettenberg"]
[WhiteTeamCountry "GER"]
[BlackTeamCountry "GER"]

1. d4 e6 2. Nf3 f5 3. g3 Nf6 4. Bg2 Be7 5. c4 d6 6. Nc3 0-0 7. 0-0 Qe8 8. b3 a5 9. Bb2 Qh5 10. e3 g5 11. Ne1 g4 12. Nd3 c6 13. e4 fxe4 14. Nxe4 Nxe4 15. Bxe4 Nd7 16. Qe2 Nf6 17. Bg2 a4 18. Nf4 Qf5 19. Rfe1 Kf7 20. d5 cxd5 21. Nxd5 Nxd5 22. cxd5 e5 23. Be4 Qh5 24. Qb5 Kg8 25. Re2 axb3 26. Qxb3 Rf6 27. Bc1 Qe8 28. a4 Bd8 29. Be3 Rf7 30. Qb4 Qd7 31. a5 Bc7 32. Ree1 Qd8 33. Bb6 Ra6 34. Rec1 Bxb6 35. axb6 Rxa1 36. Rxa1 Qf6 37. Qd2 Bf5 38. Ra4 h5 39. Qe3 Bxe4 40. Rxe4 Rf8 41. Rc4 Kg7 42. Rc7+ Rf7 43. Kg2 Qf5 1/2-1/2

[Event "NRW Class1 0708"]
[Site "Germany"]
[Date "2007.11.04"]
[Round "3.3"]
[White "Kuhnen, Thomas"]
[Black "Peschlow, Patrick"]
[Result "0-1"]
[WhiteElo "2189"]
[BlackElo "2290"]
[PlyCount "112"]
[EventDate "2007.09.16"]
[EventType "team"]
[EventRounds "9"]
[EventCountry "GER"]
[SourceTitle "EXT 2009"]
[Source "ChessBase"]
[SourceDate "2008.11.26"]
[SourceVersion "1"]
[SourceVersionDate "2008.11.26"]
[SourceQuality "1"]
[WhiteTeam "Plettenberg"]
[BlackTeam "Koeln Porz II"]
[WhiteTeamCountry "GER"]
[BlackTeamCountry "GER"]

1. d4 Nf6 2. c4 g6 3. Nc3 d5 4. Nf3 Bg7 5. g3 0-0 6. Bg2 dxc4 7. Qa4 Nfd7 8. Qxc4 Nb6 9. Qd3 Nc6 10. 0-0 Nxd4 11. Bg5 h6 12. Nxd4 hxg5 13. Rfd1 Qxd4 14. Qxd4 Bxd4 15. Rxd4 e5 16. Re4 f6 17. b3 Rd8 18. Re3 Kf7 19. Ne4 Rb8 20. Rc3 c6 21. Rac1 Bf5 22. Nc5 Nd7 23. b4 Ke7 24. e4 Be6 25. Nxe6 Kxe6 26. a4 a6 27. Kf1 Nb6 28. a5 Nc8 29. Ke2 Nd6 30. Ke3 Nb5 31. Rc4 Rd6 32. Bf1 Rbd8 33. R4c2 Nd4 34. Rb2 Rh8 35. h3 f5 36. exf5+ gxf5 37. g4 f4+ 38. Ke4 Nb5 39. Kf3 Nc7 40. Kg2 Rhd8 41. Rcc2 Rd4 42. Rc5 Rd2 43. Rb1 Rd1 44. Rb3 Kf6 45. Rc4 R8d4 46. Rc2 R1d2 47. Rxd2 Rxd2 48. Bd3 Ne6 49. Be4 Nd4 50. Rb1 Nb5 51. Rb3 Nd6 52. Bh7 e4 53. Kg1 Kg7 54. Bf5 Nxf5 55. gxf5 Kf6 56. Rc3 Kxf5 0-1

[Event "NRW Class2 0405"]
[Site "Germany"]
[Date "2005.04.03"]
[Round "8.5"]
[White "Kuhnen, Thomas"]
[Black "Prein, Michael"]
[Result "1-0"]
[WhiteElo "2180"]
[BlackElo "2055"]
[PlyCount "37"]
[EventDate "2004.10.10"]
[EventType "team"]
[EventRounds "9"]
[EventCountry "GER"]
[SourceTitle "EXT 2006"]
[Source "ChessBase"]
[SourceDate "2005.11.24"]
[SourceVersion "1"]
[SourceVersionDate "2005.11.24"]
[SourceQuality "1"]
[WhiteTeam "Plettenberg"]
[BlackTeam "Krefeld Turm"]
[WhiteTeamCountry "GER"]
[BlackTeamCountry "GER"]

1. e4 c5 2. Nc3 Nc6 3. f4 g6 4. Nf3 Bg7 5. Bb5 Nd4 6. Bd3 e6 7. Nxd4 cxd4 8. Nb5 d6 9. c3 Kf8 10. Qb3 a6 11. Qa3 Rb8 12. Qxd6+ Qxd6 13. Nxd6 Bd7 14. 0-0 Ne7 15. a4 Nc6 16. e5 f6 17. b4 Ke7 18. b5 Na5 19. Ba3 1-0

[Event "NRW Class2 0405"]
[Site "Germany"]
[Date "2005.02.20"]
[Round "7.5"]
[White "Kaeding, Rainer"]
[Black "Kuhnen, Thomas"]
[Result "0-1"]
[WhiteElo "2180"]
[BlackElo "2180"]
[PlyCount "100"]
[EventDate "2004.10.10"]
[EventType "team"]
[EventRounds "9"]
[EventCountry "GER"]
[SourceTitle "EXT 2006"]
[Source "ChessBase"]
[SourceDate "2005.11.24"]
[SourceVersion "1"]
[SourceVersionDate "2005.11.24"]
[SourceQuality "1"]
[WhiteTeam "Castrop Rauxel"]
[BlackTeam "Plettenberg"]
[WhiteTeamCountry "GER"]
[BlackTeamCountry "GER"]

1. e4 e6 2. d3 d5 3. Nd2 Nf6 4. Ngf3 Be7 5. g3 c5 6. Bg2 0-0 7. 0-0 Nc6 8. Re1 Re8 9. e5 Nd7 10. h4 Qc7 11. Qe2 b5 12. Nf1 a5 13. Bf4 a4 14. N1h2 b4 15. a3 bxa3 16. bxa3 Rb8 17. Ng5 Bxg5 18. hxg5 Nd4 19. Qd1 Rb2 20. Rc1 Qb6 21. c3 Nb3 22. Rc2 Rxc2 23. Qxc2 Ba6 24. Ng4 Qa5 25. Rb1 Nf8 26. Bf3 Rd8 27. Kg2 Qb5 28. Be2 d4 29. c4 Bb7+ 30. f3 Qa5 31. Bd1 Bc6 32. Qe2 Rb8 33. Nf2 Ng6 34. Ne4 Bxe4 35. Qxe4 Nxf4+ 36. gxf4 Qd2+ 37. Kg3 Qa2 38. Bxb3 Qxb1 39. Bxa4 Qg1+ 40. Kh3 Qf1+ 41. Kg3 Qa1 42. f5 Qg1+ 43. Kh4 Qh2+ 44. Kg4 h5+ 45. gxh6 Rb2 46. h7+ Kh8 47. Qa8+ Kxh7 48. fxe6 Rg2+ 49. Kf5 Qh3+ 50. Ke4 Re2+ 0-1

[Event "NRW Class2 0405"]
[Site "Germany"]
[Date "2004.11.21"]
[Round "3.4"]
[White "Kuhnen, Thomas"]
[Black "Rott, Georg"]
[Result "1-0"]
[WhiteElo "2180"]
[BlackElo "2193"]
[PlyCount "81"]
[EventDate "2004.10.10"]
[EventType "team"]
[EventRounds "9"]
[EventCountry "GER"]
[SourceTitle "EXT 2006"]
[Source "ChessBase"]
[SourceDate "2005.11.24"]
[SourceVersion "1"]
[SourceVersionDate "2005.11.24"]
[SourceQuality "1"]
[WhiteTeam "Plettenberg"]
[BlackTeam "Neuenkirchen"]
[WhiteTeamCountry "GER"]
[BlackTeamCountry "GER"]

1. e4 e6 2. d4 d5 3. Nc3 Bb4 4. e5 c5 5. a3 Bxc3+ 6. bxc3 Ne7 7. Qg4 0-0 8. Nf3 Nbc6 9. Bd3 f5 10. exf6 Rxf6 11. Bg5 Rf7 12. Qh4 h6 13. Bxe7 Rxe7 14. 0-0 Bd7 15. dxc5 e5 16. Bb5 Na5 17. Bxd7 Qxd7 18. Rad1 Rae8 19. Qb4 e4 20. Nd2 Nc6 21. Qb3 Qf5 22. Rfe1 Qf7 23. Nf1 Rd7 24. Rd2 Re5 25. Ng3 Kh7 26. Qb5 a6 27. Qa4 Qe7 28. Qb3 e3 29. fxe3 Rxe3 30. Rde2 Rxe2 31. Rxe2 Qxc5+ 32. Kh1 d4 33. cxd4 Rxd4 34. c3 Rd8 35. h3 Qg5 36. Kh2 Rd3 37. Ne4 Qf4+ 38. Kg1 Qc1+ 39. Kh2 Nd4 40. Qf7 Nxe2 41. Nf6+ 1-0

[Event "NRW Class1 0304"]
[Site "Germany"]
[Date "2004.03.28"]
[Round "8.7"]
[White "Kuhnen, Thomas"]
[Black "Klemme, Thomas"]
[Result "1/2-1/2"]
[WhiteElo "2197"]
[BlackElo "1979"]
[PlyCount "76"]
[EventDate "2003.09.28"]
[EventType "team"]
[EventRounds "9"]
[EventCountry "GER"]
[SourceTitle "CBM 098 Extra"]
[Source "ChessBase"]
[SourceDate "2004.03.10"]
[SourceVersion "2"]
[SourceVersionDate "2004.03.10"]
[SourceQuality "1"]
[WhiteTeam "Plettenberg"]
[BlackTeam "Herford"]
[WhiteTeamCountry "GER"]
[BlackTeamCountry "GER"]

1. e4 e5 2. Nf3 Nc6 3. Bb5 a6 4. Bxc6 dxc6 5. 0-0 Bg4 6. h3 Bxf3 7. Qxf3 Qf6 8. Qg3 Bd6 9. d4 Qg6 10. Qxg6 hxg6 11. dxe5 Bxe5 12. Rd1 Rd8 13. Rxd8+ Kxd8 14. c3 Kd7 15. f4 Bd6 16. Be3 Rh4 17. e5 Bf8 18. Nd2 Ne7 19. Nf3 Rh8 20. c4 Nf5 21. Bf2 Be7 22. Rd1+ Kc8 23. g4 Nh6 24. Kg2 Rd8 25. Rxd8+ Kxd8 26. Nd2 c5 27. Nf1 Kd7 28. Ne3 c6 29. Kf3 f6 30. exf6 gxf6 31. h4 Ke6 32. b3 f5 33. g5 Nf7 34. Nd1 Nd8 35. Nb2 Kf7 36. Nd3 Ne6 37. Be3 Bd6 38. Nf2 Kg7 1/2-1/2

[Event "NRW Class1 0304"]
[Site "Germany"]
[Date "2004.02.08"]
[Round "6.8"]
[White "Kuhnen, Thomas"]
[Black "Wolf, Ulrich Martin"]
[Result "0-1"]
[WhiteElo "2197"]
[BlackElo "2115"]
[PlyCount "90"]
[EventDate "2003.09.28"]
[EventType "team"]
[EventRounds "9"]
[EventCountry "GER"]
[SourceTitle "CBM 098 Extra"]
[Source "ChessBase"]
[SourceDate "2004.03.10"]
[SourceVersion "2"]
[SourceVersionDate "2004.03.10"]
[SourceQuality "1"]
[WhiteTeam "Plettenberg"]
[BlackTeam "Wattenscheid II"]
[WhiteTeamCountry "GER"]
[BlackTeamCountry "GER"]

1. e4 c5 2. Nc3 Nc6 3. f4 d6 4. Nf3 g6 5. Bb5 Bg7 6. Bxc6+ bxc6 7. d3 Rb8 8. 0-0 e6 9. Qe1 Ne7 10. Rb1 0-0 11. Bd2 d5 12. e5 Nf5 13. Na4 Qe7 14. b4 c4 15. Qf2 h5 16. Nc5 cxd3 17. cxd3 Bb7 18. Rfc1 Rfc8 19. Rb3 Bf8 20. Ra3 Ba8 21. g3 Rb5 22. Nb3 c5 23. Nxc5 d4 24. Ng5 a5 25. Nb3 Rxc1+ 26. Nxc1 Qb7 27. Ne4 Bxb4 28. Bxb4 Rxb4 29. Rxa5 Ne3 30. Nb3 Kg7 31. Qd2 Rb6 32. h3 Rc6 33. Nxd4 Qb1+ 34. Kf2 Rb6 35. Nb3 Bxe4 36. Kxe3 Bd5 37. Ra3 Rc6 38. Nd4 Qg1+ 39. Qf2 Qc1+ 40. Qd2 Qxa3 41. Nxc6 Bxc6 42. g4 hxg4 43. hxg4 Bd5 44. f5 Qa7+ 45. d4 Qa3+ 0-1

[Event "NRW Class1 0304"]
[Site "Germany"]
[Date "2003.09.28"]
[Round "1.8"]
[White "Rosskothen, Arnd"]
[Black "Kuhnen, Thomas"]
[Result "1/2-1/2"]
[WhiteElo "2190"]
[BlackElo "2197"]
[PlyCount "81"]
[EventDate "2003.09.28"]
[EventType "team"]
[EventRounds "9"]
[EventCountry "GER"]
[SourceTitle "CBM 098 Extra"]
[Source "ChessBase"]
[SourceDate "2004.03.10"]
[SourceVersion "2"]
[SourceVersionDate "2004.03.10"]
[SourceQuality "1"]
[WhiteTeam "Koeln Brueck"]
[BlackTeam "Plettenberg"]
[WhiteTeamCountry "GER"]
[BlackTeamCountry "GER"]

1. e4 e5 2. Nf3 Nc6 3. Bb5 Nf6 4. Nc3 Bc5 5. 0-0 d6 6. d4 exd4 7. Nxd4 Bd7 8. Bxc6 bxc6 9. Bg5 h6 10. Bh4 g5 11. Bg3 h5 12. h4 Ng4 13. Nf3 f6 14. Na4 Bb6 15. Nxb6 axb6 16. Qd4 Rg8 17. hxg5 fxg5 18. e5 d5 19. e6 Bxe6 20. Rfe1 Kd7 21. Qd3 Qf6 22. Nd4 Bf7 23. f3 Nh6 24. Be5 Qg6 25. Qc3 Rge8 26. a4 Nf5 27. a5 Nxd4 28. Qxd4 bxa5 29. Qc5 Qf5 30. Bd4 Rxe1+ 31. Rxe1 Re8 32. Rxe8 Bxe8 33. Qxa5 g4 34. fxg4 hxg4 35. Qd2 Bg6 36. c3 Qe6 37. Qf2 Bf5 38. Qg3 Qe2 39. b4 Be4 40. Kh2 Kc8 41. Qf2 1/2-1/2

[Event "Oberliga NRW 0102 II"]
[Site "Germany"]
[Date "2002.02.17"]
[Round "6.6"]
[White "Goldblat, Michael"]
[Black "Kuhnen, Thomas"]
[Result "0-1"]
[WhiteElo "2237"]
[BlackElo "2366"]
[PlyCount "42"]
[EventDate "2001.10.??"]
[EventType "team"]
[EventRounds "9"]
[EventCountry "GER"]
[SourceTitle "EXT 2004"]
[Source "ChessBase"]
[SourceDate "2003.11.25"]
[SourceVersion "1"]
[SourceVersionDate "2003.11.25"]
[SourceQuality "1"]
[WhiteTeam "Gerresheim"]
[BlackTeam "Plettenberg"]
[WhiteTeamCountry "GER"]
[BlackTeamCountry "GER"]

1. e4 e5 2. f4 exf4 3. Bc4 d5 4. Bxd5 Nf6 5. Nc3 Nxd5 6. Nxd5 Qh4+ 7. Kf1 Bd6 8. Nf3 Qd8 9. d4 g5 10. e5 Be7 11. Nxe7 Qxe7 12. h4 g4 13. Ng5 Bf5 14. Qe2 Qd7 15. e6 fxe6 16. Qe5 0-0 17. Ne4 Qf7 18. Nf2 g3 19. Nh3 Nc6 20. Qc5 Rad8 21. Ng5 Qh5 0-1

[Event "Oberliga NRW 0102 II"]
[Site "Germany"]
[Date "2002.01.13"]
[Round "5.7"]
[White "Kuhnen, Thomas"]
[Black "Maslak, Sulejman"]
[Result "0-1"]
[WhiteElo "2366"]
[BlackElo "2236"]
[PlyCount "102"]
[EventDate "2001.10.??"]
[EventType "team"]
[EventRounds "9"]
[EventCountry "GER"]
[SourceTitle "EXT 2004"]
[Source "ChessBase"]
[SourceDate "2003.11.25"]
[SourceVersion "1"]
[SourceVersionDate "2003.11.25"]
[SourceQuality "1"]
[WhiteTeam "Plettenberg"]
[BlackTeam "Duisburg/Hochheide"]
[WhiteTeamCountry "GER"]
[BlackTeamCountry "GER"]

1. e4 e6 2. d4 d5 3. exd5 exd5 4. Nf3 Nf6 5. c4 dxc4 6. Bxc4 Be7 7. Qb3 0-0 8. Ne5 Qe8 9. 0-0 Nc6 10. Nxc6 Qxc6 11. Bg5 Qd6 12. Bxf6 Bxf6 13. d5 b5 14. Be2 Be5 15. g3 Bb7 16. Bf3 f5 17. Nc3 a6 18. Rad1 Kh8 19. Rd2 c5 20. dxc6 Qxd2 21. cxb7 Rad8 22. Rd1 Qg5 23. Rxd8 Qxd8 24. Qe6 Qd6 25. Qc8 g6 26. Kg2 Kg7 27. a3 g5 28. h3 Qc7 29. Qe6 Rf6 30. Qc8 Rf8 31. Qe6 Qd6 32. Qc8 Bd4 33. Nd5 Ba7 34. Nc7 Kh6 35. Ne6 Rf6 36. Nc5 Bxc5 37. b8Q Qd4 38. Qxc5 Qxc5 39. Qb7 g4 40. hxg4 fxg4 41. Bxg4 Qxf2+ 42. Kh3 Qxb2 43. Qe7 Qf2 44. Qe8 Qf1+ 45. Kh4 Qh1+ 46. Bh3 Qd5 47. Qe3+ Kg7 48. g4 Re6 49. Qa7+ Kg6 50. Qf2 Qg5+ 51. Kg3 Qe3+ 0-1

[Event "Oberliga NRW 0102 II"]
[Site "Germany"]
[Date "2001.11.11"]
[Round "3.7"]
[White "Kuhnen, Thomas"]
[Black "Neumann, Carsten"]
[Result "0-1"]
[WhiteElo "2366"]
[BlackElo "2281"]
[PlyCount "76"]
[EventDate "2001.10.??"]
[EventType "team"]
[EventRounds "9"]
[EventCountry "GER"]
[SourceTitle "EXT 2004"]
[Source "ChessBase"]
[SourceDate "2003.11.25"]
[SourceVersion "1"]
[SourceVersionDate "2003.11.25"]
[SourceQuality "1"]
[WhiteTeam "Plettenberg"]
[BlackTeam "Dortmund Hansa"]
[WhiteTeamCountry "GER"]
[BlackTeamCountry "GER"]

1. e4 d6 2. d4 Nf6 3. Nc3 g6 4. Be2 Bg7 5. Be3 c6 6. Qd2 b5 7. a3 a6 8. Bh6 Bxh6 9. Qxh6 e5 10. dxe5 dxe5 11. Nf3 Qe7 12. 0-0 Nbd7 13. Nd2 Qf8 14. Qe3 Qc5 15. Qh6 Qf8 16. Qh4 Qe7 17. a4 Rb8 18. Nb3 Bb7 19. Rad1 Rd8 20. Qh6 Qb4 21. f4 bxa4 22. fxe5 axb3 23. cxb3 Qc5+ 24. Kh1 Qxe5 25. Bc4 Rf8 26. Qg7 Ng4 27. Qxh7 Ndf6 28. Rxd8+ Kxd8 29. Qh3 Kc7 30. Be2 Bc8 31. Qh4 g5 32. Qg3 Qxg3 33. hxg3 Nh5 34. Rc1 Nxg3+ 35. Kg1 Nxe2+ 36. Nxe2 Ne5 37. Nd4 Bd7 38. Kf2 Nd3+ 0-1

[Event "Oberliga NRW 0102 II"]
[Site "Germany"]
[Date "2001.10.21"]
[Round "2.7"]
[White "Wagner, Alexej"]
[Black "Kuhnen, Thomas"]
[Result "1-0"]
[WhiteElo "2250"]
[BlackElo "2366"]
[PlyCount "67"]
[EventDate "2001.10.??"]
[EventType "team"]
[EventRounds "9"]
[EventCountry "GER"]
[SourceTitle "EXT 2004"]
[Source "ChessBase"]
[SourceDate "2003.11.25"]
[SourceVersion "1"]
[SourceVersionDate "2003.11.25"]
[SourceQuality "1"]
[WhiteTeam "Lippstadt Turm"]
[BlackTeam "Plettenberg"]
[WhiteTeamCountry "GER"]
[BlackTeamCountry "GER"]

1. d4 Nf6 2. c4 e6 3. Nc3 Bb4 4. Qc2 0-0 5. a3 Bxc3+ 6. Qxc3 Ne4 7. Qc2 f5 8. e3 b6 9. Nf3 d6 10. b3 Bb7 11. Bb2 Qe7 12. Bd3 c5 13. Nd2 Nxd2 14. Qxd2 Nd7 15. Bc2 Rf7 16. f3 Nf8 17. dxc5 bxc5 18. 0-0-0 Rd8 19. Qa5 Rd7 20. Rd2 Qg5 21. Qc3 f4 22. exf4 Qxf4 23. Kb1 e5 24. Bc1 Qf6 25. Rhd1 Qe7 26. Qd3 Qh4 27. Qe3 Qe7 28. Bb2 Ne6 29. Bxe5 Nf8 30. Rxd6 Rxd6 31. Rxd6 Nd7 32. Bf4 Qf8 33. Qd3 Nf6 34. Rd8 1-0

[Event "Dortmund op-A"]
[Site "Dortmund"]
[Date "2001.??.??"]
[Round "4"]
[White "Krensing, Jan"]
[Black "Kuhnen, Thomas"]
[Result "1-0"]
[WhiteElo "2150"]
[BlackElo "2366"]
[PlyCount "61"]
[EventDate "2001.07.12"]
[EventType "swiss"]
[EventRounds "11"]
[EventCountry "GER"]
[SourceTitle "EXT 2002"]
[Source "ChessBase"]
[SourceDate "2001.11.25"]
[SourceVersion "1"]
[SourceVersionDate "2001.11.25"]
[SourceQuality "1"]

1. d4 Nf6 2. c4 c5 3. d5 e6 4. Nc3 exd5 5. cxd5 g6 6. Nf3 d6 7. h3 Bg7 8. e4 0-0 9. Bd3 b5 10. Nxb5 Re8 11. 0-0 Nxe4 12. Re1 f5 13. Ng5 Qb6 14. Na3 Ba6 15. Qa4 Re7 16. Bxe4 fxe4 17. Rxe4 Qb7 18. Bf4 Bd3 19. Rxe7 Qxe7 20. Bxd6 Qd7 21. Qf4 Na6 22. Re1 Re8 23. Rxe8+ Qxe8 24. b3 Qe1+ 25. Kh2 Bf5 26. Qe3 Qxe3 27. fxe3 Bc3 28. e4 Bd7 29. Nc4 Bd4 30. Nf3 Bf2 31. a3 1-0